000 00398nam a2200157Ia 4500
001 603
008 140312s9999 xx 000 0 und d
040 _cPK-LaUMT
082 _a 307
_bTUM-P
100 _aMelvin M.Tumin
245 _a"Patterns of society : Identities, roles, resources"
_cMelvin M.Tumin
260 _a"Boston,USA:"
_b"Little,"
_c1973.
300 _a458 p.
546 _aEN
942 _cBK
999 _c704
_d704